MDQL
is popping MORE tags! Check the
thread
!
Quizzes
Events
Quiz Creation
Community
Videos
Private Events
Remove Ads
Sign In
Join for FREE
Feedback
Dark Mode
Quiz Categories
Sports
Geography
Music
Movies
Television
Just For Fun
Miscellaneous
History
Literature
Language
Science
Gaming
Entertainment
Religion
Holiday
For Kids
Quiz Lab
Recent
Popular Today
Quiz Kudos Today
Editor Picks
Curator Picks
Quizzes by...
Day
Popularity
Type
Ratings
Length
Year
Community
Subscriptions
Recent Discussions
Orange Saloon
Badges
Playlists
Quests
Create
Leaderboards
Showdown
Live 5
Trivia Bingo
Activity
Puzzle Library
Sporcle Events
Private Events
Virtual Trivia
Globe League
Become a Host
Pub Owners
SporcleCon
Opinionation
Our Games
Videos
Blog
Mobile Apps
Partnerships
Remove Ads and Go Orange
Feedback
Sports
Athletes
MLB
NBA
NHL
NFL
Soccer
Sports Teams
WWE
NCAA
Football
Premier League
Basketball
Baseball
Hockey
Golf
Tennis
Cricket
Rugby
Auto Racing
Olympics
World Cup
Sports
Athletes
MLB
NBA
NHL
NFL
Soccer
Sports Teams
WWE
NCAA
Football
Premier League
Basketball
Baseball
Hockey
Golf
Tennis
Cricket
Rugby
Auto Racing
Olympics
World Cup
Random Quiz
Search Sporcle
×
Quiz Lab
Quiz Lab
Sports
NBA
Type in answers that appear in a list
Type in answers that appear in a list
Classic
Best Score? Go Orange.
NBA Single Team Lifers Stats
Can you name the NBA players who have played the most games with a single team?
By
chrisofspades
5m
25 Questions
487 Plays
487 Plays
487 Plays
Comments
Comments
Give Quiz Kudos
Give Quiz Kudos
-
- Ratings
hide this ad
More Info
Replay
Link that replays current quiz
Next Quiz
Link to next quiz in quiz playlist
You Got
0%
They Got
Avg Score
41%
Avg Friend Score
Upgrade to see
Score Distribution
Jump to the score distribution portion of the page
Score
0/25
Timer
05:00
0
Plays Today
Games
Player
% Correct
1021
Kobe Bryant
84%
1504
John Stockton
77.6%
906
Magic Johnson
74.5%
897
Larry Bird
71.5%
977
Tim Duncan
70%
963
Bill Russell
64.1%
920
Dirk Nowitzki
56.9%
987
David Robinson
55.9%
932
Jerry West
53.8%
1389
Reggie Miller
52%
1270
John Havlicek
52%
971
Kevin McHale
49.9%
884
Paul Pierce
48.5%
Games
Player
% Correct
979
Isiah Thomas
43.5%
926
James Worthy
38%
1018
Joe Dumars
34.1%
984
Wes Unseld
20.5%
996
Dolph Schayes
15.2%
1122
Hal Greer
14.2%
873
Michael Cooper
13.3%
1002
Calvin Murphy
9%
875
Mark Eaton
9%
988
Alvan Adams
7.2%
963
Fred Brown
6.8%
916
Tom Sanders
3.7%
Quiz Playlist
Details
Report
Send in Message
Add To Playlist
More Info:
Player must have played their entire career with a single team.
Classic:
Type in answers that appear in a list
Quiz Source
Last Updated: Feb 16, 2017
Quiz Scoreboard
CHALLENGE
Sign Up to Join the Scoreboard
Show All
Scores
Hide
Comments
May contain spoilers
Recently Published
Holiday 10x10 Sorting Gallery
by lukepisani3
Holiday
15m
Two Season TV Shows II
by 123Four
Television
10m
Image Sorting: Flags VI
by Barbecue
Geography
2m
More to Explore
Quiz From the Vault
Featured Blog Post
14 Easter Pick-up Lines to Find Eggs With
hide this ad
You Might Also Like...
Tags
Basketball Quiz
NBA Quiz
Lifer
Player
Single
team
Today's Top Quizzes in Sports
Browse Sports
hide this ad
Today's Top Quizzes in NBA
Browse NBA
Top Contributed Quizzes in Sports
1
Les meilleurs buteurs des matchs entre le PSG et l’OM
2
Les entraîneurs de l'OM et du PSG au 21e siècle
3
2022 World Cup Stars
4
Les joueurs passés par le PSG et l'OM
5
Players with Multiple 50 Home Run Seasons
6
FIFA Club World Cup Champions
7
Top 10 NHL Goal Scorers of All Time
8
Les joueurs passés par le LOSC et le RC Lens
9
Criteria MLB: Left Handed Sluggers
10
2023 MLB Unique Player Accomplishments
Explore More
Trending Topics
NBA
Disney
Crossword
Harry Potter
Marvel
Kpop
Anime
NFL
The Office
WWE
Soccer
Song
Puzzle
Country
Pokémon
hide this ad
More By:
chrisofspades
Quiz
Plays
Rating
Category
Featured
Created
NBA 21 and Under All-Stars
139,339
4.52
Sports
Feb 9, 2012
Big 4 Teams on the Move
32,293
4.47
Sports
Jul 9, 2012
Family Feud Fast Money
26,585
4.58
Just For Fun
Aug 8, 2017
Family Feud Fast Money II
7,145
Just For Fun
Jun 11, 2021
3 Consecutive NBA Finals Appearances
6,727
3.88
Sports
Jun 3, 2013
Go to Creator's Profile
Score Distribution
Quiz Creator Spotlight
chrisofspades
Follow
Send a Message
Quizzes Created
-
Created Quiz Play Count
-
More By This Creator
Popular Quizzes Today
1
Find the US States - No Outlines Minefield
2
Colored Red Africa Blitz
3
Find the 'City' Movie
4
The Countries of the World
5
Find the US States
6
5x2 Blitz: Bands
7
Find the Countries of Europe - No Outlines Minefield
8
US States
More Sports Quizzes
NBA Top 100 Career Playoff Performers in 2020 Playoffs
Quiz Lab
Trending Quizzes
Colored Red Europe Blitz I
Colored Red Europe Blitz II
Colored Red Africa Blitz II
Colored Red Europe Blitz III
Colored Red Africa Blitz III
Recently Updated
Odd Team Out - Big 4 Players
pecheneg
Quick Pick: 20 Twenties
pecheneg
March Madness Men's Triple Doubles
pecheneg
How Do You Spell That?
pecheneg
Godzilla Movies
pecheneg
Grab Bag: 4-10 Letters
pecheneg
2024 March Madness Bracket
pecheneg
Famous TV Couples
Peacemaker
Champions League XIs: Real Madrid
pecheneg
Largest US Cities 1790-2010
pecheneg
Trending Topics
Harry Potter
Disney
Marvel
Kpop
NBA
Anime
Crossword
Country
The Office
NFL
Pokémon
Song
Soccer
WWE
Puzzle
Your Account Isn't Verified!
In order to create a playlist on Sporcle, you need to verify the email address you used during registration. Go to your
Sporcle Settings
to finish the process.
Report this User
Report this user for behavior that violates our
Community Guidelines
.
Details:
Send Report
Go to the Sporcle.com Mobile Site →
Comments